书目信息 |
| 题名: |
专用涂料
|
|
| 作者: | 战凤昌 , 李悦良 编 | |
| 分册: | ||
| 出版信息: | 北京 化学工业出版社 1988.11 |
|
| 页数: | 557页 | |
| 开本: | 32开 | |
| 丛书名: | ||
| 单 册: | ||
| 中图分类: | TQ630.7 | |
| 科图分类: | ||
| 主题词: | 涂料--化学工业 , 涂料 | |
| 电子资源: | ||
| ISBN: | 7-5025-0120-7 | |
| 000 | 00615nam0 2200217 45 | |
| 001 | 0010061557 | |
| 005 | 20001006153128.8 | |
| 010 | @a7-5025-0120-7@d26.00元 | |
| 100 | @a20001006d1988 km y0chiy0120 ea | |
| 101 | 0 | @achi |
| 105 | @a z 000yy | |
| 200 | 1 | @a专用涂料@AZhuan Yong Tu Liao@f战凤昌,李悦良等编@FZhan Feng Chang,Li Yue Liang Deng Bian |
| 210 | @a北京@c化学工业出版社@d1988.11 | |
| 215 | @a557页@d32开 | |
| 606 | 0 | @a涂料@x化学工业 |
| 606 | 0 | @a涂料 |
| 690 | @aTQ630.7@v3 | |
| 701 | 0 | @a战凤昌@4编 |
| 701 | 0 | @a李悦良@4编 |
| 801 | @aCN@bPftUser@c20001006 | |
| 905 | @b168185-187@dTQ630.7@eZH110@f3 | |
| 专用涂料/战凤昌,李悦良等编.-北京:化学工业出版社,1988.11 |
| 557页;32开 |
| ISBN 7-5025-0120-7:26.00元 |
| ● |
| 相关链接 |
|
|
|
正题名:专用涂料
索取号:TQ630.7/ZH110
 
预约/预借
| 序号 | 登录号 | 条形码 | 馆藏地/架位号 | 状态 | 备注 |
| 1 | 168185 | 201681858 | 自科库501/501自科库 40排4列3层/ [索取号:TQ630.7/ZH110] | 在馆 | |
| 2 | 168186 | 201681867 | 期刊室512/501自科库 40排4列3层/ [索取号:TQ630.7/ZH110] | 在馆 | |
| 3 | 168187 | 201681876 | 自科库501/501自科库 40排4列3层/ [索取号:TQ630.7/ZH110] | 在馆 |